<?xml version="1.0" encoding="UTF-8"?>
<collection xmlns="http://www.loc.gov/MARC21/slim">
    <record>
        <controlfield tag="001">70787</controlfield>
        <controlfield tag="005">20190709135607.0</controlfield>
        <datafield tag="024" ind1="7" ind2=" ">
            <subfield code="2">doi</subfield>
            <subfield code="a">10.1089/acm.2017.0041</subfield>
        </datafield>
        <datafield tag="024" ind1="8" ind2=" ">
            <subfield code="2">sideral</subfield>
            <subfield code="a">103299</subfield>
        </datafield>
        <datafield tag="037" ind1=" " ind2=" ">
            <subfield code="a">ART-2017-103299</subfield>
        </datafield>
        <datafield tag="041" ind1=" " ind2=" ">
            <subfield code="a">eng</subfield>
        </datafield>
        <datafield tag="100" ind1=" " ind2=" ">
            <subfield code="a">Oliva Pascual-Vaca, Á.</subfield>
        </datafield>
        <datafield tag="245" ind1=" " ind2=" ">
            <subfield code="a">Short-Term Changes in Algometry, Inclinometry, Stabilometry, and Urinary pH Analysis After a Thoracolumbar Junction Manipulation in Patients with Kidney Stones</subfield>
        </datafield>
        <datafield tag="260" ind1=" " ind2=" ">
            <subfield code="c">2017</subfield>
        </datafield>
        <datafield tag="506" ind1="0" ind2=" ">
            <subfield code="a">Access copy available to the general public</subfield>
            <subfield code="f">Unrestricted</subfield>
        </datafield>
        <datafield tag="520" ind1="3" ind2=" ">
            <subfield code="a">Objectives: To determine the efficacy of a high-velocity low-amplitude manipulation of the thoracolumbar junction in different urologic and musculoskeletal parameters in subjects suffering from renal lithiasis.
Design: Randomized, controlled blinded clinical study.
Settings/Location: The Nephrology departments of two hospitals and one private consultancy of physiotherapy in Valencia (Spain).
Subjects: Forty-six patients suffering from renal lithiasis.
Interventions: The experimental group (EG, n¿=¿23) received a spinal manipulation of the thoracolumbar junction, and the control group (CG, n¿=¿23) received a sham procedure.
Outcome measures: Pressure pain thresholds (PPTs) of both quadratus lumborum and spinous processes from T10 to L1, lumbar flexion range of motion, stabilometry, and urinary pH were measured before and immediately after the intervention. A comparison between pre- and postintervention phases was performed and an analysis of variance for repeated measures using time (pre- and postintervention) as intrasubject variable and group (CG or EG) as intersubject variable.
Results: Intragroup comparison showed a significant improvement for the EG in the lumbar flexion range of motion (p¿&lt;¿0.001) and in all the PPT (p¿&lt;¿0.001 in all cases). Between-group comparison showed significant changes in PPT in quadratus lumborum (p¿&lt;¿0.001), as well as in the spinous processes of all of the evaluated levels (p¿&lt;¿0.05). No changes in urinary pH were observed (p¿=¿0.419).
Conclusion: Spinal manipulation of the thoracolumbar junction seems to be effective in short term to improve pain sensitivity, as well as to increase the lumbar spine flexion.</subfield>
        </datafield>
        <datafield tag="540" ind1=" " ind2=" ">
            <subfield code="9">info:eu-repo/semantics/openAccess</subfield>
            <subfield code="a">by-nc-nd</subfield>
            <subfield code="u">http://creativecommons.org/licenses/by-nc-nd/3.0/es/</subfield>
        </datafield>
        <datafield tag="590" ind1=" " ind2=" ">
            <subfield code="a">1.498</subfield>
            <subfield code="b">2017</subfield>
        </datafield>
        <datafield tag="591" ind1=" " ind2=" ">
            <subfield code="a">INTEGRATIVE &amp; COMPLEMENTARY MEDICINE</subfield>
            <subfield code="b">16 / 27 = 0.593</subfield>
            <subfield code="c">2017</subfield>
            <subfield code="d">Q3</subfield>
            <subfield code="e">T2</subfield>
        </datafield>
        <datafield tag="592" ind1=" " ind2=" ">
            <subfield code="a">0.571</subfield>
            <subfield code="b">2017</subfield>
        </datafield>
        <datafield tag="593" ind1=" " ind2=" ">
            <subfield code="a">Complementary and Alternative Medicine</subfield>
            <subfield code="c">2017</subfield>
            <subfield code="d">Q1</subfield>
        </datafield>
        <datafield tag="655" ind1=" " ind2="4">
            <subfield code="a">info:eu-repo/semantics/article</subfield>
            <subfield code="v">info:eu-repo/semantics/acceptedVersion</subfield>
        </datafield>
        <datafield tag="700" ind1=" " ind2=" ">
            <subfield code="a">Punzano-Rodríguez, R.</subfield>
        </datafield>
        <datafield tag="700" ind1=" " ind2=" ">
            <subfield code="a">Escribá-Astaburuaga, P.</subfield>
        </datafield>
        <datafield tag="700" ind1=" " ind2=" ">
            <subfield code="a">Fernández-Domínguez, JC.</subfield>
        </datafield>
        <datafield tag="700" ind1=" " ind2=" ">
            <subfield code="a">Ricard, F.</subfield>
        </datafield>
        <datafield tag="700" ind1=" " ind2=" ">
            <subfield code="0">(orcid)0000-0001-8836-2441</subfield>
            <subfield code="a">Franco-Sierra, MA.</subfield>
            <subfield code="u">Universidad de Zaragoza</subfield>
        </datafield>
        <datafield tag="700" ind1=" " ind2=" ">
            <subfield code="a">Rodríguez-Blanco C.</subfield>
        </datafield>
        <datafield tag="710" ind1="2" ind2=" ">
            <subfield code="1">1006</subfield>
            <subfield code="2">413</subfield>
            <subfield code="a">Universidad de Zaragoza</subfield>
            <subfield code="b">Dpto. Fisiatría y Enfermería</subfield>
            <subfield code="c">Área Fisioterapia</subfield>
        </datafield>
        <datafield tag="773" ind1=" " ind2=" ">
            <subfield code="g">23, 8 (2017), 639-647</subfield>
            <subfield code="p">J. altern. complement. med.</subfield>
            <subfield code="t">JOURNAL OF ALTERNATIVE AND COMPLEMENTARY MEDICINE</subfield>
            <subfield code="x">1075-5535</subfield>
        </datafield>
        <datafield tag="856" ind1="4" ind2=" ">
            <subfield code="s">871586</subfield>
            <subfield code="u">http://zaguan.unizar.es/record/70787/files/texto_completo.pdf</subfield>
            <subfield code="y">Postprint</subfield>
        </datafield>
        <datafield tag="856" ind1="4" ind2=" ">
            <subfield code="s">83234</subfield>
            <subfield code="u">http://zaguan.unizar.es/record/70787/files/texto_completo.jpg?subformat=icon</subfield>
            <subfield code="x">icon</subfield>
            <subfield code="y">Postprint</subfield>
        </datafield>
        <datafield tag="909" ind1="C" ind2="O">
            <subfield code="o">oai:zaguan.unizar.es:70787</subfield>
            <subfield code="p">articulos</subfield>
            <subfield code="p">driver</subfield>
        </datafield>
        <datafield tag="951" ind1=" " ind2=" ">
            <subfield code="a">2019-07-09-12:20:47</subfield>
        </datafield>
        <datafield tag="980" ind1=" " ind2=" ">
            <subfield code="a">ARTICLE</subfield>
        </datafield>
    </record>

    
</collection>